All train stations in Hampshire - Statistics

General Stats
  • This quiz has been taken 84 times
  • The average score is 38 of 60
Answer Stats
Group Answer % Correct
South West main line Basingstoke
98%
West Coastway line Fareham
98%
South West main line Eastleigh
93%
South West main line Southampton Central
90%
Alton line Alton
88%
South West main line Farnborough
88%
West Coastway line Portsmouth & Southsea
88%
Wessex main line Romsey
88%
South West main line Winchester
88%
West Coastway line Havant
85%
West Coastway line Portsmouth Harbour
85%
West Coastway line Fratton
83%
West Coastway line Cosham
80%
South West main line Southampton Airport Parkway
80%
South West main line Fleet
78%
West of England line Andover
75%
Alton line Aldershot
73%
Portsmouth Direct line Liss
73%
Lymington line Lymington Pier
73%
South West main line Brockenhurst
70%
Eastleigh-Fareham line Hedge End
70%
Lymington line Lymington Town
70%
West Coastway line Portchester
70%
South West main line Hook
68%
South West main line Micheldever
68%
Portsmouth Direct line Petersfield
68%
South West main line St Denys
68%
Eastleigh-Romsey line Chandler's Ford
65%
West Coastway line Hilsea
65%
Portsmouth Direct line Liphook
65%
South West main line Totton
65%
West Coastway line Emsworth
63%
West Coastway line Hamble
63%
West Coastway line Bedhampton
60%
Eastleigh-Fareham line Botley
60%
North Downs line Farnborough North
60%
Portsmouth Direct line Rowlands Castle
60%
South West main line New Milton
58%
West Coastway line Swanwick
55%
West Coastway line Netley
53%
South West main line Winchfield
53%
West Coastway line Bitterne
50%
South West main line Sway
50%
Alton line Bentley
48%
South West main line Millbrook
48%
South West main line Ashurst New Forest
45%
South West main line Redbridge
45%
South West main line Swaythling
45%
West Coastway line Woolston
45%
South West main line Beaulieu Road
43%
Reading-Basingstoke line Bramley
43%
West Coastway line Bursledon
43%
West of England line Grateley
43%
West of England line Overton
43%
West Coastway line Sholing
40%
West of England line Whitchurch
40%
South West main line Shawford
38%
North Downs line Blackwater
35%
West Coastway line Warblington
35%
Wessex main line Mottisfont & Dunbridge
33%
No matching quizzes found
Score Distribution
Percent of People with Each Score
Percentile by Number Answered
Your Score History
You have not taken this quiz